Normal view MARC view

Entry Personal Name

Number of records used in: 2

001 - CONTROL NUMBER

  • control field: 64781

003 - CONTROL NUMBER IDENTIFIER

  • control field: dpl

005 - DATE AND TIME OF LATEST TRANSACTION

  • control field: 20240418110214.0

008 - FIXED-LENGTH DATA ELEMENTS

  • fixed length control field: 240418|| aca||aabn | a|a d

040 ## - CATALOGING SOURCE

  • Original cataloging agency: dpl
  • Transcribing agency: dpl

100 ## - HEADING--PERSONAL NAME

  • Personal name: राजपूत, ब्रजेश

670 ## - SOURCE DATA FOUND

  • Source citation: Work cat.: (dpl)202193: राजपूत, ब्रजेश , द एवरेस्ट गर्ल/, 2024

© Delhi Public Library
Hit Counter
free hit counter